Tourism, ecotouris, and protected areas : (Registro nro. 4000)

Detalles MARC
000 -CABECERA
Campo de control 00925nam a2200253 i 4500
005 - FECHA Y HORA DE LA ULTIMA TRANSACCION
Campo de control 20200104041546.0
008 - ELEMENTOS DE LONGITUD FIJA—INFORMACION GENERAL
Campo de control 140313b1996 sz ||||| |||| 00| 0 eng d
040 ## - FUENTE DE CATALOGACIÓN
Agencia catalogadora original CO-BoIAVH
Agencia transcriptora CO-BoIAVH
041 ## - IDIOMA
Código de idioma para texto/pista de sonido o título separado Inglés
044 ## - PAÍS DE PUBLICACIÓN
País de publicación Suiza
082 04 - NUMERO DE CLASIFICACION DECIMAL DEWEY
Número de clasificación 338.4791
Número del ítem C38t
100 1# - ASIENTO PRINCIPAL--NOMBRE PERSONAL
Nombre personal Ceballos Lascuráin, Héctor
9 (RLIN) 21150
245 10 - MENCION DE TITULO
Título Tourism, ecotouris, and protected areas :
Parte restante del título the state of nature-based tourism around the world and guidelines for its development /
Mención de responsabilidad Héctor Ceballos-Lascuráin.
260 ## - PUBLICACION, DISTRIBUCION, ETC. (PIE DE IMPRENTA)
Lugar de publicación, distribución, etc. Gland
Nombre del editor, distribuidor, etc. IUCN
Fecha de publicación, distribución, etc. 1996
300 ## - DESCRIPCION FISICA
Extensión 301 p.
650 14 - ASIENTO SECUNDARIO DE MATERIA - TERMINO TEMATICO
Término temático o nombre geográfico como elemento de entrada Turismo ecológico
9 (RLIN) 51017
650 24 - ASIENTO SECUNDARIO DE MATERIA - TERMINO TEMATICO
Término temático o nombre geográfico como elemento de entrada Conservación de los recursos naturales
9 (RLIN) 51018
650 24 - ASIENTO SECUNDARIO DE MATERIA - TERMINO TEMATICO
Término temático o nombre geográfico como elemento de entrada Flora
Subdivisión general Conservación
9 (RLIN) 51019
650 24 - ASIENTO SECUNDARIO DE MATERIA - TERMINO TEMATICO
Término temático o nombre geográfico como elemento de entrada Fauna
Subdivisión general Conservación
9 (RLIN) 51020
650 ## - ASIENTO SECUNDARIO DE MATERIA - TERMINO TEMATICO
Término temático o nombre geográfico como elemento de entrada Áreas protegidas.
9 (RLIN) 78
711 2# - ASIENTO SECUNDARIO - NOMBRE DE REUNION
Fecha de la reunión o firma del tratado February 10-21, 1992
Nombre de la reunión o nombre de la jurisdicción como elemento de entrada World Congress on National Parks and Protected Areas
Lugar de la reunión Caracas
9 (RLIN) 51022
942 ## - ELEMENTOS ADICIONALES (KOHA)
Tipo de ítem Libro
Sistema de clasificación Dewey Decimal Classification
945 ## - PROCESAMIENTO LOCAL
AAAA-MM-DD - Fecha de ingreso o modificacion 2004-08-09
Existencias
Withdrawn status Lost status Sistema de Clasificación Damaged status No para préstamo Colección Inventariado Ubicación Permanente Ubicación actual Fecha de adquisición Fuente de Valor Valor Total Checkouts Número topográfico Inventario / Código de Barras Date last seen Ejemplar Price effective from Forma de adquisición Tipo de material
    Dewey Decimal Classification     General Inventariado 2017 Bogotá Bogotá 09/08/2004 Instituto 39000.00   LB-338.4791 C38t 016363 04/12/2012 Ej. 1 04/12/2012   Libro